Principles of auditing.
| Other Authors: | |
|---|---|
| Format: | Book |
| Published: |
New York:
The McGraw-Hill,
1998.
|
| Edition: | 12th ed. |
| Subjects: |
| LEADER | 00402cam a2200157 7i4500 | ||
|---|---|---|---|
| 001 | 0000007707 | ||
| 005 | 20000608090000.0 | ||
| 020 | 0 | 0 | |a 0071156402 |
| 090 | 0 | 0 | |a B 657.45 |b WHI |
| 245 | 0 | 0 | |a Principles of auditing. |
| 250 | 0 | 0 | |a 12th ed. |
| 260 | 0 | 0 | |a New York: |b The McGraw-Hill, |c 1998. |
| 300 | # | # | |a 790 p. |
| 650 | 0 | 0 | |a Auditing |
| 700 | 1 | 1 | |a Pany, |h Kurt |
| 999 | |a B000011489 |b Book |c Book |e Business Information Centre | ||


